Songs of Album: Viva La Vida and all his Friends - Statistics

General Stats
  • This quiz has been taken 8 times
  • The average score is 6 of 10
Answer Stats
Answer % Correct
Viva La Vida
100%
Lost
71%
Violet Hill
71%
Death and all His Friends
57%
Lovers in Japan
57%
Strawberry Swing
57%
Yes
57%
42
43%
Cemeteries of London
43%
Life in Techincolor
14%
No matching quizzes found
Score Distribution
Percent of People with Each Score
Percentile by Number Answered
Your Score History
You have not taken this quiz